<?xml version="1.0" encoding="UTF-8"?><?xml-stylesheet type="text/xsl" href="static/style.xsl"?><OAI-PMH xmlns="http://www.openarchives.org/OAI/2.0/" xmlns:xsi="http://www.w3.org/2001/XMLSchema-instance" xsi:schemaLocation="http://www.openarchives.org/OAI/2.0/ http://www.openarchives.org/OAI/2.0/OAI-PMH.xsd"><responseDate>2026-06-30T03:25:21Z</responseDate><request verb="GetRecord" identifier="oai:riubu.ubu.es:10259/8167" metadataPrefix="marc">https://riubu.ubu.es/oai/request</request><GetRecord><record><header><identifier>oai:riubu.ubu.es:10259/8167</identifier><datestamp>2023-11-30T01:05:21Z</datestamp><setSpec>com_10259_3847</setSpec><setSpec>com_10259_5086</setSpec><setSpec>com_10259_2604</setSpec><setSpec>com_10259_7906</setSpec><setSpec>col_10259_7109</setSpec><setSpec>col_10259_8020</setSpec></header><metadata><record xmlns="http://www.loc.gov/MARC21/slim" xmlns:doc="http://www.lyncode.com/xoai" xmlns:xsi="http://www.w3.org/2001/XMLSchema-instance" xmlns:dcterms="http://purl.org/dc/terms/" xsi:schemaLocation="http://www.loc.gov/MARC21/slim http://www.loc.gov/standards/marcxml/schema/MARC21slim.xsd">
<leader>00925njm 22002777a 4500</leader>
<datafield tag="042" ind1=" " ind2=" ">
<subfield code="a">dc</subfield>
</datafield>
<datafield tag="720" ind1=" " ind2=" ">
<subfield code="a">Lara Palma, Ana María</subfield>
<subfield code="e">author</subfield>
</datafield>
<datafield tag="720" ind1=" " ind2=" ">
<subfield code="a">Santamaría Vázquez, Montserrat</subfield>
<subfield code="e">author</subfield>
</datafield>
<datafield tag="720" ind1=" " ind2=" ">
<subfield code="a">Baruque Zanón, Bruno</subfield>
<subfield code="e">author</subfield>
</datafield>
<datafield tag="720" ind1=" " ind2=" ">
<subfield code="a">Ortiz Huerta, Juan Hilario</subfield>
<subfield code="e">author</subfield>
</datafield>
<datafield tag="260" ind1=" " ind2=" ">
<subfield code="c">2021</subfield>
</datafield>
<datafield tag="520" ind1=" " ind2=" ">
<subfield code="a">The sleep disorders are a variety of conditions that affect sleep and they seem to be increasing considerably among the population. At the same time, technological solutions have recently appeared claiming to help improve the sleep quality. Due to its ubiquity and ease of use, mobile applications are among the most commonly used technological aids to improve sleep among their users.&#xd;
The objective of this work is to analyze, under an ethical judgement, the literature review about reliability and validity of mobile applications focused on sleep disorders, the ethical conflicts generated and the ethical judgment of the users.&#xd;
The methodology followed consisted, on the one hand, an on-line search to collect a set of mobile applications focused on improving sleep that were recommended by some medical, governmental or at least non-commercial association or agency. The search has been conducted including the key words “sleep mobile app”. On the other hand, a search of scientific publications has been carried out in order to find objective evidence about the observable performance selected apps.&#xd;
The results obtained include a total of 31 different apps available either on the Android and iOS operating systems. Among that set, only 7 of them are mentioned in some clinical study. It is a low number given the amount of applications available, the estimated number of active users and taking into account that kind of information is completely unknown for the digital stores’ users.</subfield>
</datafield>
<datafield tag="024" ind2=" " ind1="8">
<subfield code="a">978-84-09-28672-0</subfield>
</datafield>
<datafield tag="024" ind2=" " ind1="8">
<subfield code="a">http://hdl.handle.net/10259/8167</subfield>
</datafield>
<datafield ind1=" " ind2=" " tag="653">
<subfield code="a">App</subfield>
</datafield>
<datafield ind1=" " ind2=" " tag="653">
<subfield code="a">Serious games</subfield>
</datafield>
<datafield ind1=" " ind2=" " tag="653">
<subfield code="a">Sleep disorders</subfield>
</datafield>
<datafield ind1=" " ind2=" " tag="653">
<subfield code="a">Ethics and morality</subfield>
</datafield>
<datafield ind1=" " ind2=" " tag="653">
<subfield code="a">Sustainable consumption</subfield>
</datafield>
<datafield tag="245" ind1="0" ind2="0">
<subfield code="a">Moral Dilemmas and Ethical Conflicts Related to Mobile Applications for Sleep Improvement</subfield>
</datafield>
</record></metadata></record></GetRecord></OAI-PMH>